000 00889nam a22002177a 4500
003 AR-RoUNCS
005 20250930155100.0
008 250930t2006 sp |||||r|||| 00| 0 spa d
020 _a84-413-2189-2
040 _aAR-RoUNCS
_cAR-RoUNCS
080 _017
100 0 _aAristóteles,
_d384-322 A.C.
245 1 0 _aSobre la amistad :
_bÉtica a Nicómaco, libros VIII y IX /
_cAristóteles.
260 _aBarcelona :
_bFolio,
_c2006.
300 _a93 p. ;
_c19 cm.
490 0 _aGrandes Ideas
520 3 _aAristóteles es uno de los grandes filósofos griegos y uno de los más relevantes de la historia. "Ética a Nicómaco es una de las obras de filosofía moral más importantes del mundo occidental. Especialmente relevante es la doctrina aristotélica sobre la amistad. No hay vida verdaderamente humana sin amigos.
650 4 _aFILOSOFÍA
650 4 _aÉTICA
942 _2udc
_cOG
_n0
999 _c631
_d631